[Event "Asian Nations Chess Cup"]
[Site "ZaoZhuang, China"]
[Date "2012.05.26"]
[Round "9"]
[White "Lai, Cyrus Ho-yeung"]
[Black "Le, Quang Liem"]
[Result "0-1"]
[WhiteElo "1826"]
[BlackElo "2703"]
[PlyCount "53"]
[EventDate "2012.05.17"]
[EventType "team"]
[EventRounds "9"]
[EventCountry "CHN"]
[WhiteTeam "Hong Kong"]
[BlackTeam "Vietnam"]

1. e4 d6 2. d4 Nf6 3. Nc3 g6 4. f4 Bg7 5. e5 Nfd7 6. Nf3 O-O 7. h4 c5 8. h5
cxd4 9. Qxd4 Nc6 10. Qf2 e6 11. Be3 dxe5 12. O-O-O Qe7 13. fxe5 Ncxe5 14. Nxe5
Nxe5 15. Be2 b6 16. Qg3 Bb7 17. Bf4 Qc5 18. Qh2 g5 19. h6 Bf6 20. Qg3 Rfd8 21.
Rxd8+ Rxd8 22. Bxg5 Nd3+ 23. Bxd3 Qxg5+ 24. Qxg5+ Bxg5+ 25. Kd1 Rd4 26. Ke2 Rg4
27. g3 0-1

[Event "Chicago Open"]
[Site "Wheeling, Illinois"]
[Date "2012.05.27"]
[Round "7"]
[White "Kacheishvili, Giorgi"]
[Black "Adams, Michael"]
[Result "1/2-1/2"]
[WhiteElo "2598"]
[BlackElo "2728"]
[PlyCount "40"]
[EventDate "2012.??.??"]
[Source "MonRoi"]

1. d4 Nf6 2. c4 e6 3. Nc3 Bb4 4. Nf3 b6 5. Qc2 Bb7 6. a3 Bxc3+ 7. Qxc3 d5 8.
cxd5 Qxd5 9. Qxc7 Nbd7 10. Qc2 O-O 11. e3 e5 12. Be2 exd4 13. exd4 Rac8 14. Qd3
Qd6 15. O-O Rfe8 16. h3 Be4 17. Qb5 Bc6 18. Qd3 Be4 19. Qb5 Bc6 20. Qd3 Be4
1/2-1/2

[Event "Chicago Open"]
[Site "Wheeling, Illinois"]
[Date "2012.05.28"]
[Round "8"]
[White "Adams, Michael"]
[Black "Hess, Robert"]
[Result "1/2-1/2"]
[WhiteElo "2728"]
[BlackElo "2635"]
[PlyCount "67"]
[EventDate "2012.??.??"]
[Source "MonRoi"]

1. e4 e5 2. Nf3 Nc6 3. Bb5 Nf6 4. O-O Nxe4 5. d4 Nd6 6. Bxc6 dxc6 7. dxe5 Nf5
8. Qxd8+ Kxd8 9. Nc3 Bd7 10. b3 b6 11. Bb2 Be7 12. g4 Nh4 13. Nxh4 Bxh4 14. h3
h5 15. f3 Kc8 16. Ne2 Kb7 17. Kg2 c5 18. Nf4 hxg4 19. hxg4 Bg5 20. Nh3 Bh4 21.
Rh1 Bc6 22. Nf4 Rad8 23. Bc3 Bg5 24. Kg3 g6 25. Nd3 Rhf8 26. Rh2 Bb5 27. Nb2
Rh8 28. Rah1 Rxh2 29. Rxh2 Bc1 30. a4 Bxb2 31. Bxb2 Bd7 32. Rd2 Kc8 33. c4 Bc6
34. Rxd8+ 1/2-1/2

[Event "Chicago Open"]
[Site "Wheeling, Illinois"]
[Date "2012.05.28"]
[Round "9"]
[White "Adams, Michael"]
[Black "Perunovic, Milos"]
[Result "1/2-1/2"]
[WhiteElo "2728"]
[BlackElo "2577"]
[PlyCount "98"]
[EventDate "2012.??.??"]
[Source "MonRoi"]

1. c4 Nf6 2. g3 c5 3. Bg2 d5 4. cxd5 Nxd5 5. Nc3 Nc7 6. Nf3 Nc6 7. O-O e5 8. a3
f6 9. e3 Bg4 10. h3 Bh5 11. d4 cxd4 12. exd4 exd4 13. Nb5 Nxb5 14. Qe2+ Be7 15.
Qxb5 Bxf3 16. Bxf3 Qb6 17. Qc4 Ne5 18. Qa4+ Kf8 19. Bg2 Rd8 20. b4 Qa6 21. Qb3
Qc4 22. Qb1 {Qb1} Kf7 23. Bf4 d3 24. Bxb7 Rd7 25. Rc1 Qe6 26. Bg2 Rhd8 27. Qa2
d2 28. Rd1 g5 29. Bxe5 fxe5 30. Kf1 Rd4 31. Bf3 e4 32. Qxe6+ Kxe6 33. Bg4+ Ke5
34. Ra2 a5 35. bxa5 Ra4 36. Raxd2 Rxd2 37. Rxd2 Rxa5 38. Rd7 Kf6 39. Rd4 Ke5
40. Rd7 Kf6 41. Rc7 Rxa3 42. Rc6+ Kf7 43. Bh5+ Kf8 44. Re6 Ra4 45. Kg2 Rc4 46.
Re5 Bf6 47. Re6 Be7 48. Bg4 Kf7 49. Bf5 Rc2 1/2-1/2

[Event "Buenos Aires Masters"]
[Site "?"]
[Date "2012.05.28"]
[Round "1"]
[White "Flores, Diego"]
[Black "Shirov, Alexei"]
[Result "0-1"]
[WhiteElo "2604"]
[BlackElo "2698"]
[PlyCount "90"]
[EventDate "2012.05.28"]

1. c4 c6 2. Nf3 d5 3. e3 Nf6 4. Nc3 Nbd7 5. Qc2 e6 6. b3 Bd6 7. Bb2 O-O 8. Rg1
Qe7 9. g4 Ba3 10. Bxa3 Qxa3 11. d4 Re8 12. g5 Nh5 13. Be2 g6 14. Nh4 e5 15. Rd1
dxc4 16. Bxh5 exd4 17. Rxd4 cxb3 18. axb3 gxh5 19. g6 hxg6 20. Nxg6 Nf6 21. Nb1
Qa5+ 22. b4 Qb6 23. Qc3 Bg4 24. Rdxg4 hxg4 25. Qxf6 Rxe3+ 26. Kd1 Qd8+ 27.
Qxd8+ Rxd8+ 28. Kc1 Re4 29. Nh4 Rc4+ 30. Kb2 Rxb4+ 31. Kc3 a5 32. h3 Rd5 33.
hxg4 Rc5+ 34. Kd3 Rb3+ 35. Kd4 Rc2 36. f4 a4 37. Re1 Rcb2 38. Re8+ Kh7 39. Re7
Rxb1 40. Rxf7+ Kg8 41. Rc7 a3 42. Ke5 a2 43. Kf6 a1=Q+ 44. Kg6 Kf8 45. Nf5 Re1
0-1

[Event "Buenos Aires Masters"]
[Site "?"]
[Date "2012.05.29"]
[Round "2"]
[White "Mareco, Sandro"]
[Black "Shirov, Alexei"]
[Result "1/2-1/2"]
[WhiteElo "2583"]
[BlackElo "2698"]
[PlyCount "53"]
[EventDate "2012.05.28"]

1. d4 d5 2. c4 c6 3. Nc3 Nf6 4. e3 e6 5. Nf3 Nbd7 6. Qc2 Bd6 7. Be2 O-O 8. O-O
dxc4 9. Bxc4 b5 10. Bd3 Bb7 11. e4 e5 12. h3 a6 13. dxe5 Nxe5 14. Nxe5 Bxe5 15.
Be3 c5 16. Bxc5 Re8 17. Rad1 Qc7 18. Nd5 Nxd5 19. exd5 g6 20. Be4 a5 21. Rfe1
Rac8 22. d6 Bxe4 23. dxc7 Bxc2 24. Rd8 Rexd8 25. cxd8=Q+ Rxd8 26. Rxe5 Bd3 27.
Bb6 1/2-1/2

[Event "Albena Open 2012"]
[Site "Albena Resort, Albena Hall"]
[Date "2012.05.26"]
[Round "1"]
[White "Stachanczyk, Jacek"]
[Black "Cheparinov, Ivan"]
[Result "0-1"]
[WhiteElo "2243"]
[BlackElo "2673"]
[PlyCount "94"]
[EventDate "2012.05.26"]
[EventRounds "9"]
[EventCountry "BUL"]

1. e4 c5 2. Nf3 d6 3. d4 cxd4 4. Nxd4 Nf6 5. Nc3 a6 6. Bg5 Nbd7 7. Qd2 Qc7 8.
Be2 e6 9. O-O Be7 10. Rad1 h6 11. Bh4 O-O 12. Bg3 b5 13. Qe3 Bb7 14. a3 Ne5 15.
Nf3 Nfg4 16. Qd4 Rfd8 17. h3 Bf6 18. Nxe5 Nxe5 19. Qe3 Rac8 20. Rd2 Nc4 21.
Bxc4 Qxc4 22. Rxd6 Rxd6 23. Bxd6 Bxc3 24. bxc3 Qxe4 25. Qxe4 Bxe4 26. Bb4 Bxc2
27. Rc1 Bb3 28. Rb1 Ba4 29. Kf1 Rd8 30. Ke2 Bc2 31. Rb2 Bd3+ 32. Ke3 Bf1 33. f3
g5 34. Kf2 Bc4 35. Kg3 Rd1 36. h4 Kg7 37. hxg5 hxg5 38. Kf2 f5 39. g3 e5 40.
Rc2 Kf6 41. Rb2 f4 42. gxf4 gxf4 43. Rc2 Rd3 44. Kg2 Bd5 45. Rf2 Kf5 46. Ba5
Rxf3 47. Rxf3 Kg4 0-1

[Event "Albena Open 2012"]
[Site "Albena Resort, Albena Hall"]
[Date "2012.05.27"]
[Round "2"]
[White "Cheparinov, Ivan"]
[Black "Arngrimsson, Dagur"]
[Result "1-0"]
[WhiteElo "2673"]
[BlackElo "2381"]
[PlyCount "47"]
[EventDate "2012.05.26"]
[EventRounds "9"]
[EventCountry "BUL"]

1. d4 d5 2. c4 c6 3. Nf3 Nf6 4. Nc3 dxc4 5. a4 Bf5 6. Ne5 e6 7. f3 Bb4 8. Nxc4
O-O 9. Kf2 Bg6 10. e4 Qc7 11. Qb3 a5 12. Na2 c5 13. Nxb4 axb4 14. dxc5 Na6 15.
Be3 Nxc5 16. Qxb4 Ncxe4+ 17. fxe4 b5 18. Qxb5 Rab8 19. Bb6 Qf4+ 20. Kg1 Qxe4
21. a5 Nd5 22. Qc5 Nxb6 23. Nxb6 Rfd8 24. h4 1-0

[Event "Buenos Aires Masters"]
[Site "?"]
[Date "2012.05.29"]
[Round "3"]
[White "Shirov, Alexei"]
[Black "Slipak, Sergio"]
[Result "1/2-1/2"]
[WhiteElo "2698"]
[BlackElo "2453"]
[PlyCount "96"]
[EventDate "2012.05.28"]

1. e4 e5 2. Nf3 Nc6 3. Bb5 Nf6 4. O-O Nxe4 5. d4 Nd6 6. Bg5 Be7 7. Bxe7 Qxe7 8.
Bxc6 dxc6 9. dxe5 Nf5 10. Qd2 Be6 11. Nc3 O-O 12. Ne4 Rad8 13. Qf4 Kh8 14. c3
h6 15. h4 Rd3 16. Rad1 Rfd8 17. Rxd3 Rxd3 18. h5 b6 19. a3 Qd8 20. Ng3 Nxg3 21.
fxg3 Rd1 22. g4 Rxf1+ 23. Kxf1 Qd1+ 24. Kf2 Qc2+ 25. Kg3 Bd5 26. g5 hxg5 27.
Qxg5 Bxf3 28. gxf3 Qxb2 29. h6 gxh6 30. Qxh6+ Kg8 31. Qg5+ Kf8 32. Qd8+ Kg7 33.
Qf6+ Kg8 34. e6 fxe6 35. Qxe6+ Kg7 36. Qd7+ Kf6 37. Qxc6+ Kf5 38. a4 Qa1 39.
Qd7+ Kf6 40. Qd4+ Kf5 41. Qd7+ Kf6 42. Qd8+ Ke6 43. Qe8+ Kf6 44. Kg2 Qa2+ 45.
Kg3 Qa1 46. Qd8+ Ke6 47. Qxc7 Qxa4 48. f4 Qd7 1/2-1/2

[Event "World Championship 2012 (tie-breaks)"]
[Site "Moscow RUS"]
[Date "2012.05.30"]
[Round "3"]
[White "Gelfand, Boris"]
[Black "Anand, Viswanathan"]
[Result "1/2-1/2"]
[WhiteElo "2739"]
[BlackElo "2799"]
[PlyCount "82"]
[EventDate "2012.05.11"]

1. d4 d5 2. c4 c6 3. Nf3 Nf6 4. e3 Bf5 5. Nc3 e6 6. Nh4 Bg6 7. Nxg6 hxg6 8. Bd3
Nbd7 9. O-O Bd6 10. h3 O-O 11. Qc2 Qe7 12. Rd1 Rac8 13. c5 Bb8 14. f4 Ne8 15.
b4 g5 16. Rb1 f5 17. b5 gxf4 18. exf4 Nef6 19. bxc6 bxc6 20. Ba6 Rc7 21. Be3
Ne4 22. Rb2 g5 23. Rdb1 gxf4 24. Bxf4 e5 25. Bxe5 Nxe5 26. Rxb8 Ng6 27. Nxe4
fxe4 28. Qf2 Qg7 29. Kh2 Rcf7 30. Qg3 Nf4 31. R8b3 Qxg3+ 32. Rxg3+ Kh7 33. Rd1
Ne6 34. Be2 Rf2 35. Bg4 Nf4 36. Rb1 Rf7 37. Rb8 Rxa2 38. Rc8 e3 39. Rxe3 Rxg2+
40. Kh1 Rd2 41. Rxc6 Ne6 {etc} 1/2-1/2

[Event "Albena Open 2012"]
[Site "Albena Resort, Albena Hall"]
[Date "2012.05.28"]
[Round "3"]
[White "Cheparinov, Ivan"]
[Black "Das, Arghyadip"]
[Result "1-0"]
[WhiteElo "2673"]
[BlackElo "2482"]
[PlyCount "59"]
[EventDate "2012.05.26"]
[EventRounds "9"]
[EventCountry "BUL"]

1. d4 Nf6 2. c4 g6 3. Nc3 d5 4. cxd5 Nxd5 5. e4 Nxc3 6. bxc3 Bg7 7. Nf3 O-O 8.
Be2 c5 9. Rb1 b6 10. O-O Bb7 11. d5 Bxc3 12. h4 Bg7 13. h5 Nd7 14. hxg6 hxg6
15. Ng5 Nf6 16. Qd3 Qc8 17. Qg3 Ba6 18. Bxa6 Qxa6 19. Re1 Qxa2 20. Rb3 Qa5 21.
Rf1 Qa4 22. Rf3 Nxe4 23. Qh4 Nxg5 24. Qxa4 Nxf3+ 25. gxf3 Rad8 26. Rd1 Rd6 27.
Bf4 e5 28. Bg5 Bf6 29. Bxf6 Rxf6 30. d6 1-0

[Event "Albena Open 2012"]
[Site "Albena Resort, Albena Hall"]
[Date "2012.05.29"]
[Round "4"]
[White "Carlsson, Pontus"]
[Black "Cheparinov, Ivan"]
[Result "0-1"]
[WhiteElo "2531"]
[BlackElo "2673"]
[PlyCount "64"]
[EventDate "2012.05.26"]
[EventRounds "9"]
[EventCountry "BUL"]

1. e4 c5 2. Nf3 d6 3. d4 cxd4 4. Nxd4 Nf6 5. Nc3 a6 6. Bc4 e6 7. Bb3 Nbd7 8. f4
Nc5 9. O-O Be7 10. e5 dxe5 11. fxe5 Nfd7 12. Bf4 Nf8 13. Be3 Ng6 14. Qh5 Qc7
15. Nf3 Bd7 16. Rae1 h6 17. Bf2 Nf4 18. Qg4 g5 19. Nd4 O-O-O 20. Qf3 Be8 21.
Bc4 Kb8 22. b3 Rxd4 23. Bxd4 Bc6 24. Ne4 Rd8 25. c3 b5 26. Bxc5 Bxe4 27. Rxe4
Bxc5+ 28. Kh1 bxc4 29. Rxc4 Qxe5 30. Qc6 Nd3 31. Rb4+ Nxb4 32. cxb4 Qe2 0-1

[Event "Buenos Aires Masters"]
[Site "?"]
[Date "2012.05.30"]
[Round "4"]
[White "Lemos, Damian"]
[Black "Shirov, Alexei"]
[Result "1/2-1/2"]
[WhiteElo "2538"]
[BlackElo "2698"]
[PlyCount "33"]
[EventDate "2012.05.28"]

1. d4 Nf6 2. c4 e6 3. Nf3 Bb4+ 4. Bd2 c5 5. Bxb4 cxb4 6. g3 b6 7. Bg2 Bb7 8.
O-O a5 9. Nbd2 O-O 10. Re1 d6 11. e4 Nfd7 12. Qe2 Na6 13. e5 dxe5 14. Nxe5 Bxg2
15. Kxg2 Nxe5 16. Qxe5 Nc7 17. a4 1/2-1/2

[Event "Albena Open 2012"]
[Site "Albena Resort, Albena Hall"]
[Date "2012.05.30"]
[Round "5"]
[White "Cheparinov, Ivan"]
[Black "Melkumyan, Hrant"]
[Result "1/2-1/2"]
[WhiteElo "2673"]
[BlackElo "2642"]
[PlyCount "109"]
[EventDate "2012.05.26"]
[EventRounds "9"]
[EventCountry "BUL"]

1. d4 Nf6 2. c4 g6 3. Nc3 d5 4. cxd5 Nxd5 5. e4 Nxc3 6. bxc3 Bg7 7. Nf3 c5 8.
Rb1 O-O 9. Be2 cxd4 10. cxd4 Qa5+ 11. Bd2 Qxa2 12. O-O Bg4 13. Bg5 h6 14. Be3
Nc6 15. d5 Bxf3 16. gxf3 Nd4 17. Bxd4 Bxd4 18. Qxd4 Qxe2 19. Kg2 Qa6 20. Rfc1
Rfc8 21. Rxc8+ Rxc8 22. Ra1 Qf6 23. Qxf6 exf6 24. Rxa7 Rb8 25. Kf1 b5 26. Ke2
b4 27. Ra2 Rc8 28. Rb2 Rc4 29. Rb3 Kf8 30. Kd3 Rc1 31. Rxb4 Rh1 32. Rb8+ Ke7
33. Rb7+ Ke8 34. Kd4 Rxh2 35. Kc5 Rxf2 36. Kd6 Kf8 37. Rb8+ Kg7 38. Ke7 Rxf3
39. Rf8 Re3 40. Rxf7+ Kg8 41. Rxf6 Rxe4+ 42. Re6 Rd4 43. d6 Kg7 44. d7 h5 45.
d8=Q Rxd8 46. Kxd8 Kh6 47. Re5 h4 48. Ke7 g5 49. Kf6 h3 50. Kf5 Kh5 51. Re1 Kh4
52. Re4+ Kg3 53. Re3+ Kh4 54. Rxh3+ Kxh3 55. Kxg5 1/2-1/2

[Event "Albena Open 2012"]
[Site "Albena Resort, Albena Hall"]
[Date "2012.05.31"]
[Round "6"]
[White "Solak, Dragan"]
[Black "Cheparinov, Ivan"]
[Result "1/2-1/2"]
[WhiteElo "2586"]
[BlackElo "2673"]
[PlyCount "119"]
[EventDate "2012.05.26"]
[EventRounds "9"]
[EventCountry "BUL"]

1. e4 g6 2. d4 Bg7 3. Nf3 d6 4. Bc4 Nf6 5. Qe2 O-O 6. O-O Bg4 7. h3 Bxf3 8.
Qxf3 Nc6 9. c3 e5 10. Bb5 exd4 11. Bxc6 bxc6 12. cxd4 Re8 13. Nc3 Rb8 14. b3
Rb4 15. Rd1 Nd7 16. Ne2 c5 17. Ba3 Rxd4 18. Nxd4 cxd4 19. Re1 c5 20. Bc1 Ne5
21. Qg3 a5 22. Bf4 h5 23. Bxe5 Bxe5 24. f4 Bg7 25. Qd3 Qd7 26. Re2 a4 27. Rf1
axb3 28. axb3 Qe6 29. h4 Qg4 30. g3 d5 31. Kf2 c4 32. bxc4 dxc4 33. Qf3 d3 34.
Rd2 Bc3 35. Qxg4 hxg4 36. Ke3 Bxd2+ 37. Kxd2 Rxe4 38. Kc3 Kg7 39. f5 Re3 40.
fxg6 fxg6 41. Rg1 Kf6 42. Kd4 Rf3 43. Kxc4 Ke5 44. Re1+ Kf5 45. Kd4 Rxg3 46.
Re5+ Kf6 47. Rd5 Rg1 48. Ke3 Rf1 49. Rg5 Rf3+ 50. Kd2 g3 51. Kc3 Kf7 52. Kd2
Kf6 53. Kc3 g2 54. Rxg2 Rh3 55. Rg4 Kg7 56. Kd2 Kh7 57. Kc3 Kh6 58. Kd2 Rf3 59.
Kc3 Rh3 60. Kd2 1/2-1/2

[Event "Buenos Aires Masters"]
[Site "?"]
[Date "2012.06.01"]
[Round "6"]
[White "Rodriguez Vila, Andres"]
[Black "Shirov, Alexei"]
[Result "0-1"]
[WhiteElo "2532"]
[BlackElo "2698"]
[PlyCount "86"]
[EventDate "2012.05.28"]

1. e4 c5 2. Nf3 d6 3. d4 cxd4 4. Nxd4 Nf6 5. f3 e5 6. Bb5+ Nbd7 7. Nf5 d5 8.
exd5 a6 9. Ba4 b5 10. Bb3 Nb6 11. Ne3 Bc5 12. Nc3 O-O 13. Qd3 a5 14. a3 a4 15.
Ba2 b4 16. axb4 Bxb4 17. O-O Ba6 18. Nb5 Bc5 19. Rd1 e4 20. Qc3 Rc8 21. Qa5
Bxb5 22. Qxb5 exf3 23. gxf3 Nfxd5 24. Kh1 Qf6 25. Bxd5 Nxd5 26. Ng2 Rfd8 27.
Rf1 a3 28. c4 Nb4 29. bxa3 Qxa1 30. axb4 Bf8 31. Ne3 Qc3 32. Rg1 g6 33. Qg5
Bxb4 34. Qg4 Qd4 35. Qg2 Bc5 36. Rf1 Rc6 37. Ng4 Be7 38. Be3 Qc3 39. c5 Re6 40.
Qf2 h5 41. Rc1 Qb3 42. Nh6+ Kf8 43. Bd2 Rxd2 0-1

[Event "French League TOP 12"]
[Site "Belfort FRA"]
[Date "2012.05.31"]
[Round "1"]
[White "Giri, Anish"]
[Black "Navara, David"]
[Result "1-0"]
[WhiteElo "2693"]
[BlackElo "2706"]
[PlyCount "67"]
[EventDate "2012.??.??"]
[WhiteTeam "Echiquier Chalonnais"]
[BlackTeam "MULHOUSE Philidor"]

1. e4 e5 2. Nf3 Nc6 3. d4 exd4 4. Nxd4 Bc5 5. Nb3 Bb6 6. Nc3 d6 7. Qe2 Nge7 8.
Be3 O-O 9. O-O-O f5 10. f4 fxe4 11. g3 Bxe3+ 12. Qxe3 Bg4 13. Be2 Nf5 14. Qxe4
Bxe2 15. Qxe2 Qe8 16. Qc4+ Qf7 17. Qb5 Rab8 18. Rhe1 a6 19. Qd3 Rbe8 20. a3 b5
21. Nd5 Rc8 22. Qc3 Nce7 23. Nxe7+ Nxe7 24. Qa5 Nc6 25. Qxa6 Qc4 26. Nd2 Qd5
27. c4 bxc4 28. Qxc4 Rf5 29. b4 Kf8 30. Kb2 Na7 31. Qxd5 Rxd5 32. Nb3 Rb5 33.
Re4 d5 34. Re5 1-0

[Event "French League TOP 12"]
[Site "Belfort FRA"]
[Date "2012.05.31"]
[Round "1"]
[White "Naiditsch, Arkadij"]
[Black "Schlosser, Philipp"]
[Result "1-0"]
[WhiteElo "2698"]
[BlackElo "2596"]
[PlyCount "43"]
[EventDate "2012.??.??"]
[WhiteTeam "MARSEILLE Echecs"]
[BlackTeam "BISCHWILLER"]

1. d4 d5 2. c4 dxc4 3. Nf3 a6 4. a4 Nf6 5. Nc3 e6 6. e4 Bb4 7. Bxc4 Nxe4 8. O-O
Nf6 9. Bg5 O-O 10. Qe2 c6 11. Rad1 Be7 12. Ne5 Nd5 13. Bc1 Nd7 14. Rfe1 Nxe5
15. dxe5 Qc7 16. Rd3 Rd8 17. Rh3 g6 18. Qf3 Nxc3 19. bxc3 Bf8 20. Bg5 Rd5 21.
Bf6 Bd7 22. Re4 1-0

[Event "French League TOP 12"]
[Site "Belfort FRA"]
[Date "2012.05.31"]
[Round "1"]
[White "Riazantsev, Alexander"]
[Black "Landa, Konstantin"]
[Result "1/2-1/2"]
[WhiteElo "2714"]
[BlackElo "2646"]
[PlyCount "40"]
[EventDate "2012.??.??"]
[WhiteTeam "METZ Fischer"]
[BlackTeam "VANDOEUVRE Echecs"]

1. d4 Nf6 2. c4 e6 3. Nc3 Bb4 4. Qc2 c5 5. dxc5 O-O 6. a3 Bxc5 7. Nf3 b6 8. Bf4
Bb7 9. Rd1 Nh5 10. Bg3 h6 11. e3 Be7 12. Be2 Nc6 13. Rd2 Rc8 14. Qd1 Nxg3 15.
hxg3 Nb8 16. g4 a6 17. Qb1 Qc7 18. Bd3 Rfd8 19. Rh5 Bf6 20. Rc2 d6 1/2-1/2

[Event "French League TOP 12"]
[Site "Belfort FRA"]
[Date "2012.06.01"]
[Round "2"]
[White "Le, Quang Liem"]
[Black "Riazantsev, Alexander"]
[Result "1/2-1/2"]
[WhiteElo "2703"]
[BlackElo "2714"]
[PlyCount "55"]
[EventDate "2012.??.??"]
[WhiteTeam "EVRY Grand Roque"]
[BlackTeam "METZ Fischer"]

1. Nf3 e6 2. c4 Nf6 3. Nc3 b6 4. e4 Bb7 5. Bd3 c5 6. O-O Nc6 7. Re1 Qb8 8. e5
Ng4 9. Be4 f6 10. exf6 Nxf6 11. Bxc6 Bxc6 12. d4 cxd4 13. Nxd4 Qb7 14. Bg5 Be7
15. Nxc6 Qxc6 16. Qd3 O-O 17. Rad1 Rac8 18. b3 Bb4 19. Bd2 a6 20. h3 Rf7 21.
Ne2 Bxd2 22. Nd4 Qc5 23. Rxd2 Nh5 24. Nf3 Nf4 25. Qe3 Nxh3+ 26. gxh3 Rxf3 27.
Qxc5 Rxc5 28. Rxd7 1/2-1/2

[Event "French League TOP 12"]
[Site "?"]
[Date "????.??.??"]
[Round "2"]
[White "Fressinet, Laurent"]
[Black "Gozzoli, Yannick"]
[Result "1/2-1/2"]
[WhiteElo "2715"]
[BlackElo "2551"]
[PlyCount "57"]

1. d4 d5 2. c4 c6 3. e3 Nf6 4. Nc3 e6 5. Nf3 Nbd7 6. Bd2 Bd6 7. Bd3 O-O 8. O-O
dxc4 9. Bxc4 b5 10. Bd3 Bb7 11. Rc1 Rc8 12. a3 a5 13. e4 e5 14. dxe5 Nxe5 15.
Nxe5 Bxe5 16. Qe2 Re8 17. Rfd1 Qe7 18. f3 Rcd8 19. Be3 Rd7 20. Rc2 h6 21. Qf2
Ba6 22. Bc5 Qe6 23. Rcd2 Rxd3 24. Rxd3 b4 25. Rd6 Qb3 26. Nb1 Bxd6 27. Rxd6 Qc4
28. Rd1 Nd7 29. axb4 1/2-1/2

[Event "French League TOP 12"]
[Site "?"]
[Date "????.??.??"]
[Round "2"]
[White "Naiditsch, Arkadij"]
[Black "So, Wesley"]
[Result "1-0"]
[WhiteElo "2698"]
[BlackElo "2653"]
[PlyCount "107"]

1. e4 e5 2. Nf3 Nf6 3. Nxe5 d6 4. Nf3 Nxe4 5. d4 d5 6. Bd3 Be7 7. O-O Nc6 8.
Nc3 Bf5 9. Re1 Nxc3 10. bxc3 Bxd3 11. Qxd3 O-O 12. Re2 Qd6 13. Bd2 Bf6 14. Rae1
h6 15. Qf5 Rad8 16. Qh5 Qd7 17. h3 Ne7 18. Nh2 Qf5 19. Qg4 Qxc2 20. Bg5 Qxe2
21. Rxe2 Bxg5 22. h4 Bf6 23. Qh5 Kh8 24. g3 c5 25. dxc5 Nc6 26. Re3 d4 27. cxd4
Bxd4 28. Re2 b6 29. Ng4 Kh7 30. Qf5+ Kg8 31. Qe4 Rc8 32. cxb6 Bxb6 33. Rc2 Rfe8
34. Qa4 h5 35. Ne3 Bxe3 36. fxe3 Re6 37. Kg2 g6 38. Rc5 Rxe3 39. Rxc6 Rxc6 40.
Qxc6 Re2+ 41. Kf3 Rxa2 42. Qc8+ Kg7 43. Qc4 Ra3+ 44. Kf4 Kg8 45. Kg5 Kg7 46.
Qd4+ Kh7 47. Kf6 Rf3+ 48. Ke7 Kg8 49. g4 hxg4 50. h5 Kh7 51. Kf8 Kh6 52. Qh8+
Kg5 53. h6 Rb3 54. Kg7 1-0

[Event "French League TOP 12"]
[Site "?"]
[Date "2012.05.31"]
[Round "1"]
[White "Nanu, Costica-Ciprian"]
[Black "Le, Quang Liem"]
[Result "1/2-1/2"]
[WhiteElo "2520"]
[BlackElo "2703"]
[PlyCount "29"]
[EventDate "2012.??.??"]

1. Nf3 Nf6 2. c4 e6 3. d4 b6 4. g3 Ba6 5. b3 b5 6. cxb5 Bxb5 7. Nc3 Ba6 8. Bb2
Bb7 9. Bg2 d5 10. O-O Nbd7 11. Rc1 Be7 12. Na4 O-O 13. Rc2 a5 14. Qc1 Ba6 15.
Rd1 1/2-1/2

[Event "Albena Open 2012"]
[Site "Albena Resort, Albena Hall"]
[Date "2012.06.01"]
[Round "7"]
[White "Cheparinov, Ivan"]
[Black "Gabuzyan, Hovhannes"]
[Result "1-0"]
[WhiteElo "2673"]
[BlackElo "2457"]
[PlyCount "73"]
[EventDate "2012.05.26"]
[EventRounds "9"]
[EventCountry "BUL"]

1. d4 d5 2. c4 c6 3. Nf3 Nf6 4. e3 Bg4 5. h3 Bxf3 6. Qxf3 e6 7. Nc3 Nbd7 8. Bd3
Bb4 9. a3 Bxc3+ 10. bxc3 O-O 11. O-O e5 12. Qd1 e4 13. Be2 Nb6 14. c5 Nc8 15.
a4 Qc7 16. Qc2 Ne7 17. Rb1 Nd7 18. c4 f5 19. Bd2 Rab8 20. Rb3 Rfd8 21. Rfb1 Nf8
22. Qb2 Rd7 23. cxd5 Nxd5 24. Ba6 b6 25. Bc4 Ra8 26. cxb6 axb6 27. Rxb6 Rxa4
28. Qb3 Ra8 29. Rc1 Qd8 30. Rxc6 Ng6 31. Bxd5+ Rxd5 32. Rxg6 hxg6 33. Rc5 Ra1+
34. Kh2 Qd6+ 35. g3 Kh7 36. Qxd5 Qa6 37. Qc4 1-0

[Event "French League TOP 12"]
[Site "?"]
[Date "????.??.??"]
[Round "3"]
[White "Giri, Anish"]
[Black "Le, Quang Liem"]
[Result "1/2-1/2"]
[WhiteElo "2693"]
[BlackElo "2698"]
[PlyCount "113"]

1. d4 d5 2. c4 c6 3. Nc3 Nf6 4. e3 g6 5. Nf3 Bg7 6. Be2 O-O 7. O-O b6 8. Qc2
Bb7 9. b3 Nbd7 10. Rd1 Re8 11. h3 Rc8 12. a4 Qc7 13. a5 c5 14. axb6 axb6 15.
dxc5 dxc4 16. bxc4 Nxc5 17. Bb2 Qb8 18. Nd5 Nxd5 19. cxd5 Bxb2 20. Qxb2 Qd6 21.
Bc4 Red8 22. Rd4 Qf6 23. Rb1 Nd7 24. Qb4 Rc5 25. Nd2 Qe5 26. Nf3 Qd6 27. Rbd1
Rdc8 28. Qb3 Ra5 29. e4 Ba6 30. Bxa6 Rxa6 31. Qe3 Ne5 32. Nxe5 Qxe5 33. f4 Qc7
34. e5 Qc3 35. Qe4 Ra3 36. d6 exd6 37. exd6 Qe3+ 38. Qxe3 Rxe3 39. Rb4 Rb8 40.
d7 Rd8 41. Rxb6 Kf8 42. Kf2 Rc3 43. Rb7 Ke7 44. Rd2 Rc6 45. Kf3 Rd6 46. Rxd6
Kxd6 47. Ke4 f5+ 48. Kd4 Rxd7 49. Rxd7+ Kxd7 50. Kd5 h6 51. h4 h5 52. Ke5 Ke7
53. g3 Kf7 54. Kd6 Kf6 55. Kd7 Kf7 56. Kd6 Kf6 57. Kd5 1/2-1/2

[Event "French League TOP 12"]
[Site "?"]
[Date "????.??.??"]
[Round "3"]
[White "Navara, David"]
[Black "Meier, Georg"]
[Result "1-0"]
[WhiteElo "2706"]
[BlackElo "2637"]
[PlyCount "115"]

1. e4 e6 2. d4 d5 3. Nc3 Nf6 4. e5 Nfd7 5. f4 c5 6. Nf3 Nc6 7. Be3 cxd4 8. Nxd4
Bc5 9. Qd2 Nxd4 10. Bxd4 Bxd4 11. Qxd4 Qb6 12. Nb5 Qxd4 13. Nxd4 Ke7 14. g3 Nc5
15. O-O-O Bd7 16. Bg2 g6 17. g4 h5 18. h3 Rh6 19. f5 gxf5 20. gxf5 Rg8 21. f6+
Kd8 22. Bf3 Rg5 23. Rde1 h4 24. Rhg1 Rg3 25. Bg4 Ne4 26. Ne2 Re3 27. Nf4 Rg3
28. Ne2 Re3 29. Nf4 Rg3 30. Rxg3 hxg3 31. Rg1 Bc6 32. Nh5 Rg6 33. Nxg3 Rg5 34.
Nxe4 dxe4 35. h4 Rxe5 36. h5 e3 37. h6 Be4 38. Be2 Rc5 39. c4 Kd7 40. Rg3 Rc8
41. Rxe3 Bh7 42. Kd2 Rh8 43. Bf3 Kc7 44. Re2 b6 45. Ke3 e5 46. Rh2 Kd6 47. Bd5
Bg6 48. b4 Rh7 49. a4 a5 50. bxa5 bxa5 51. Be4 Bxe4 52. Kxe4 Ke6 53. Rh5 Kxf6
54. Rf5+ Kg6 55. Kxe5 Kxh6 56. Kf6 Rg7 57. Rxa5 Rg4 58. c5 1-0

[Event "French League TOP 12"]
[Site "?"]
[Date "????.??.??"]
[Round "3"]
[White "Le Roux, Jean-Pierre"]
[Black "Fressinet, Laurent"]
[Result "1/2-1/2"]
[WhiteElo "2551"]
[BlackElo "2715"]
[PlyCount "107"]

1. e4 e5 2. Nf3 Nc6 3. Nc3 Nf6 4. d4 exd4 5. Nxd4 Bb4 6. Nxc6 bxc6 7. Bd3 O-O
8. O-O d5 9. exd5 cxd5 10. Bg5 c6 11. Qf3 Bd6 12. Rfe1 Rb8 13. Rab1 h6 14. Bxf6
Qxf6 15. Qxf6 gxf6 16. Ne2 Be5 17. b3 Be6 18. Ng3 Rfe8 19. Nf5 h5 20. Rbd1 c5
21. Ne3 Bc3 22. Re2 Kf8 23. Kf1 Rb4 24. Bf5 Rd4 25. Rd3 Rxd3 26. cxd3 a5 27. g3
a4 28. bxa4 Rb8 29. Kg2 c4 30. dxc4 d4 31. Rc2 dxe3 32. Bxe6 e2 33. Rxe2 fxe6
34. Rxe6 Rb2 35. Re4 Rb4 36. Rh4 Rxa4 37. Rxh5 Rxa2 38. Rd5 Rc2 39. h4 Kg7 40.
h5 Be1 41. Rf5 Rxc4 42. Kf1 Bb4 43. Ke2 Rc2+ 44. Kd3 Ra2 45. Ke3 Ba5 46. f4
Bb6+ 47. Kf3 Ra3+ 48. Kg2 Ra2+ 49. Kf3 Rf2+ 50. Kg4 Rb2 51. Rd5 Bf2 52. Rd7+
Kh6 53. Rd6 Kg7 54. Rd7+ 1/2-1/2

[Event "French League TOP 12"]
[Site "?"]
[Date "????.??.??"]
[Round "3"]
[White "Kulaots, Kaido"]
[Black "Riazantsev, Alexander"]
[Result "0-1"]
[WhiteElo "2574"]
[BlackElo "2714"]
[PlyCount "88"]

1. c4 e6 2. d4 Nf6 3. Nc3 Bb4 4. Qc2 c5 5. dxc5 O-O 6. a3 Bxc5 7. Nf3 b6 8. Bf4
Bb7 9. Rd1 Nh5 10. Bg3 h6 11. e3 Be7 12. Qd3 Nxg3 13. hxg3 d6 14. g4 Nd7 15.
Qb1 a6 16. Be2 Rc8 17. Rd4 Re8 18. Qd1 Qc7 19. Ne4 d5 20. cxd5 exd5 21. Ng3 Bf6
22. Nf5 Bxd4 23. N3xd4 Nf8 24. O-O Ne6 25. Qd2 Qc5 26. Bd3 Nxd4 27. exd4 Qf8
28. g5 hxg5 29. Qxg5 Rc6 30. Qh4 g6 31. Qg5 b5 32. g3 Bc8 33. Ne3 Be6 34. Kg2
Qg7 35. Rh1 Qxd4 36. Rh4 Qxb2 37. Rh6 Qg7 38. Kh2 Bd7 39. Nxd5 Rd6 40. Nf4 Re5
41. Qd8+ Be8 42. Qxd6 Qxh6+ 43. Kg2 Re1 44. Bf1 Qf8 0-1